000 00552nam a2200181 a 4500
001 000023118
005 20200930022011.0
008 101126s1973 ve r 000 0 spa d
040 _aDO-SdBNP
_bspa
_cBNPHU
082 _axxxxx
_bA923t
100 1 _aAugustinovich, Agustín
_947594
245 1 4 _aLs tentaciones del cristiano de hoy /
_cAgustín Augustinovich.
250 _a3a ed.
260 _aCaracas :
_bArte,
_c1973.
300 _a192 p. ;
_c18 cm.
504 _aIncluye referencias bibliográficas y notas al pie de las páginas.
049 _aBNGR
999 _c22615
_d22615